Statistiche per Quiz sulla Tanzania

Clicka qui per fare il quiz!

Statistiche generali

  • Questo quiz è stato fatto 261 volte
  • Il punteggio medio è 19 su 24

Statistiche sulle risposte

HintRisposta% Corretto
Kenya
97%
Lingue ufficialiInglese
96%
Regno Unito
96%
Mozambico
93%
Uganda
92%
Grandi laghi che confinano con la TanzaniaMalawi
91%
Malawi
91%
Repubblica Democratica del Congo
91%
Paesi confinantiBurundi
90%
Ruanda
90%
Zambia
90%
Paesi europei che hanno colonizzato la TanzaniaGermania
89%
CapitaleDodoma
85%
Isola che è stata per breve tempo un paese indipendenteZanzibar
84%
Vittoria
82%
Swahili
80%
Frase che significa "senza pensieri" citata in un famoso film DisneyHakuna Matata
77%
Città più popolosaDar es Salaam
73%
Il più grande settore dell'economia tanzanianaAgricoltura
70%
Montagna più altaKilimanjaro
64%
Tanganica
61%
Storica lingua parlata su quest'isolaArabo
60%
Regione settentrionale, per lo più praterie, famosa per la sua migrazione di gnuSerengeti
56%
Tribù la cui vita è incentrata sull'allevamento del bestiameMasai
52%

Distribuzione punteggi

Percentile per numero di risposta

Percentuale di utenti per punteggio

I tuoi punteggi nel tempo

Non hai fatto questo quiz